| 000 | 01088cam a22003011 4500 | ||
|---|---|---|---|
| 999 |
_c8653 _d8653 |
||
| 001 | 7006437 | ||
| 003 | GBCCL | ||
| 005 | 20241126110655.0 | ||
| 008 | 770810r1957uuuumiu 001 0 eng | ||
| 010 | _a 58002714 | ||
| 035 | _a(OCoLC)3177028 | ||
| 040 |
_aDLC _cNcWU _dDLC |
||
| 042 | _apremarc | ||
| 050 | 0 | 0 |
_aBT265 _b.S57 1957 |
| 082 |
_a232.3 _bSME |
||
| 100 | 1 |
_aSmeaton, George, _d1814-1889. _94058 |
|
| 245 | 1 | 4 |
_aThe Apostles' doctrine of the atonement; _bwith historical appendix. |
| 260 |
_aGrand Rapids, _bZondervan Pub. House, _c1957. |
||
| 300 |
_a548 p. _c23 cm. |
||
| 490 | 0 | _aA Zondervan reprint classic | |
| 500 | _a"Reprinted complete and unabridged from the 1870 edition." | ||
| 500 | _a"Formerly published as 'The doctrine of the atonement as taught by the Apostle,' or 'The sayings of the Apostle exegetically expounded.'" | ||
| 630 | 0 | 0 |
_aBible. _pActs, Epistles, and Revelation _xTheology. _915264 |
| 650 | 0 |
_aAtonement _xBiblical teaching. _915265 |
|
| 650 | 0 |
_aApostles. _9593 |
|
| 906 |
_a7 _bcbc _coclcrpl _du _encip _f19 _gy-gencatlg |
||
| 942 |
_2ddc _cBK _01 |
||